Bài tập kế toán quản trị Có lời giải mẫu

Giới thiệu bài tập, bài giải, các câu hỏi tình huống bám sát nội dung chương trình môn học Kế toán quản trị như: chi phí; hệ thống tính giá thành sản phẩm; dự toán ngân sách; phân tích biến động chi phí; đánh giá trách nhiệm quản lý; quyế...

全面介绍

Đã lưu trong:
书目详细资料
主要作者: Phạm, Văn Dược
其他作者: Trường ĐH Kinh tế Tp.HCM
格式: 图书
语言:Undetermined
出版: Tp.HCM Tổng hợp Tp.HCM 2011
主题:
在线阅读:http://lrc.tdmu.edu.vn/opac/search/detail.asp?aID=2&ID=16549
标签: 添加标签
没有标签, 成为第一个标记此记录!
Thư viện lưu trữ: Trung tâm Học liệu Trường Đại học Thủ Dầu Một
LEADER 01185nam a2200229Ia 4500
001 TDMU_16549
008 210410s9999 xx 000 0 und d
082 |a 658.15076 
090 |b PH104 
100 |a Phạm, Văn Dược 
245 0 |a Bài tập kế toán quản trị 
245 0 |b Có lời giải mẫu 
245 0 |c Phạm Văn Dược, Đào Tất Thắng 
260 |a Tp.HCM 
260 |b Tổng hợp Tp.HCM 
260 |c 2011 
300 |a 306tr. 
520 |a Giới thiệu bài tập, bài giải, các câu hỏi tình huống bám sát nội dung chương trình môn học Kế toán quản trị như: chi phí; hệ thống tính giá thành sản phẩm; dự toán ngân sách; phân tích biến động chi phí; đánh giá trách nhiệm quản lý; quyết định về giá, ...; KT018 
650 |a Kế toán quản trị  |v Bài tập; Quản lý tài chính 
700 |a Trường ĐH Kinh tế Tp.HCM 
856 |u http://lrc.tdmu.edu.vn/opac/search/detail.asp?aID=2&ID=16549 
980 |a Trung tâm Học liệu Trường Đại học Thủ Dầu Một